000 00878nam a2200241Ia 4500
008 191130s2001##################000#0#eng##
020 _a9780792374435
022 _a2001038338
040 _aACL
_cACL
082 _a621.3845 MAR
245 _aEmerging personal wireless communications
_cedited by Olli Martikainen, Jari Porras, Jenni Hyvärinen
260 _aDordrecht ; Boston
_bKluwer Academic Publishers
_c2001
300 _axi, 298 p. : ill. ; 24 cm
500 _aIncludes bibliographical references
650 _aPersonal communication service systems - Congresses
700 _aHyvärinen, Jenni
700 _aMartikainen, Olli
700 _aPorras, Jari
710 _aIFIP TC6/WG6.8 Working Conference on Personal Wireless Communications (2001 : Lappeenranta, Finland)
990 _a6723337eac10000c3fc0481d379228cd
991 _a181210
999 _c159703
_d159703